[Event "World Youth & Cadets Rapid Championships"]
[Site "Rhodes, Greece"]
[Date "2022.05.02"]
[Round "6.37"]
[White "Karas, Eugenia"]
[Black "Hajdinic, Ema"]
[Result "1-0"]
[TimeControl "10'/game & 5\"/move"]
[WhiteElo "1578"]
[BlackElo "1528"]

1. d4 {[%clk 00:10:08]} {[%emt 00:00:01]} Nf6 {[%clk 00:10:09]} {[%emt
00:00:01]} 2. c4 {[%clk 00:10:12]} {[%emt 00:00:02]} g6 {[%clk 00:10:11]}
{[%emt 00:00:02]} 3. Nf3 {[%clk 00:10:16]} {[%emt 00:00:02]} Bg7 {[%clk
00:10:14]} {[%emt 00:00:02]} 4. g3 {[%clk 00:10:19]} {[%emt 00:00:01]} O-O
{[%clk 00:10:01]} {[%emt 00:00:18]} 5. Bg2 {[%clk 00:10:23]} {[%emt 00:00:02]}
c6 {[%clk 00:09:58]} {[%emt 00:00:08]} 6. O-O {[%clk 00:10:25]} {[%emt
00:00:02]} d5 {[%clk 00:09:53]} {[%emt 00:00:10]} 7. cxd5 {[%clk 00:10:19]}
{[%emt 00:00:11]} cxd5 {[%clk 00:09:47]} {[%emt 00:00:11]} 8. Nc3 {[%clk
00:10:05]} {[%emt 00:00:19]} Bf5 {[%clk 00:09:42]} {[%emt 00:00:10]} 9. Bf4
{[%clk 00:09:43]} {[%emt 00:00:27]} Nc6 {[%clk 00:09:24]} {[%emt 00:00:22]} 10.
Be5 {[%clk 00:09:23]} {[%emt 00:00:26]} Ne4 {[%clk 00:08:57]} {[%emt 00:00:32]}
11. Bxg7 {[%clk 00:08:06]} {[%emt 00:01:22]} Kxg7 {[%clk 00:09:00]} {[%emt
00:00:02]} 12. Rc1 {[%clk 00:07:45]} {[%emt 00:00:26]} Nxc3 {[%clk 00:08:43]}
{[%emt 00:00:22]} 13. Rxc3 {[%clk 00:07:29]} {[%emt 00:00:21]} Be4 {[%clk
00:08:15]} {[%emt 00:00:33]} 14. e3 {[%clk 00:07:13]} {[%emt 00:00:22]} Rc8
{[%clk 00:08:08]} {[%emt 00:00:12]} 15. Nd2 {[%clk 00:07:07]} {[%emt 00:00:10]}
Bxg2 {[%clk 00:08:08]} {[%emt 00:00:05]} 16. Kxg2 {[%clk 00:07:11]} {[%emt
00:00:02]} Qb6 {[%clk 00:07:49]} {[%emt 00:00:24]} 17. Nb3 {[%clk 00:07:05]}
{[%emt 00:00:10]} Na5 {[%clk 00:07:30]} {[%emt 00:00:24]} 18. Nxa5 {[%clk
00:05:23]} {[%emt 00:01:47]} Qxa5 {[%clk 00:07:20]} {[%emt 00:00:15]} 19. Ra3
{[%clk 00:04:44]} {[%emt 00:00:44]} Qb6 {[%clk 00:07:24]} 20. Rb3 {[%clk
00:04:24]} {[%emt 00:00:25]} Qa6 {[%clk 00:07:19]} {[%emt 00:00:10]} 21. Ra3
{[%clk 00:04:19]} {[%emt 00:00:11]} Qb6 {[%clk 00:07:08]} {[%emt 00:00:15]} 22.
Qa4 {[%clk 00:03:54]} {[%emt 00:00:30]} Qxb2 {[%clk 00:06:06]} {[%emt
00:01:07]} 23. Qxa7 {[%clk 00:03:44]} {[%emt 00:00:15]} Ra8 {[%clk 00:05:52]}
{[%emt 00:00:19]} 24. Rb3 {[%clk 00:02:33]} {[%emt 00:01:16]} Qxb3 {[%clk
00:05:44]} {[%emt 00:00:13]} 25. Qxa8 {[%clk 00:02:34]} {[%emt 00:00:03]} Rxa8
{[%clk 00:05:35]} {[%emt 00:00:15]} 26. axb3 {[%clk 00:02:38]} Ra5 {[%clk
00:05:15]} {[%emt 00:00:25]} 27. Rc1 {[%clk 00:02:19]} {[%emt 00:00:24]} Rb5
{[%clk 00:04:54]} {[%emt 00:00:26]} 28. Rc3 {[%clk 00:02:09]} {[%emt 00:00:16]}
Kf6 {[%clk 00:04:31]} {[%emt 00:00:28]} 29. Kf3 {[%clk 00:02:05]} {[%emt
00:00:09]} e5 {[%clk 00:04:04]} {[%emt 00:00:31]} 30. dxe5+ {[%clk 00:01:47]}
{[%emt 00:00:23]} Kxe5 {[%clk 00:04:08]} {[%emt 00:00:02]} 31. Ke2 {[%clk
00:01:49]} {[%emt 00:00:02]} d4 {[%clk 00:03:49]} {[%emt 00:00:24]} 32. f4+
{[%clk 00:01:33]} {[%emt 00:00:21]} Ke4 {[%clk 00:03:15]} {[%emt 00:00:39]} 33.
exd4 {[%clk 00:01:22]} {[%emt 00:00:16]} Kxd4 {[%clk 00:03:16]} {[%emt
00:00:05]} 34. Rd3+ {[%clk 00:01:23]} {[%emt 00:00:03]} Ke4 {[%clk 00:03:17]}
{[%emt 00:00:04]} 35. Re3+ {[%clk 00:01:26]} {[%emt 00:00:02]} Kd4 {[%clk
00:03:08]} {[%emt 00:00:13]} 36. Rd3+ {[%clk 00:01:30]} {[%emt 00:00:02]} Kc5
{[%clk 00:03:01]} {[%emt 00:00:12]} 37. Kd2 {[%clk 00:01:33]} {[%emt 00:00:02]}
Kb4 {[%clk 00:02:58]} {[%emt 00:00:08]} 38. Kc2 {[%clk 00:01:33]} {[%emt
00:00:05]} Ka3 {[%clk 00:02:40]} {[%emt 00:00:19]} 39. Rc3 {[%clk 00:01:09]}
{[%emt 00:00:33]} Rh5 {[%clk 00:02:32]} {[%emt 00:00:13]} 40. h4 {[%clk
00:01:08]} {[%emt 00:00:06]} Rb5 {[%clk 00:02:32]} {[%emt 00:00:04]} 41. Rd3
{[%clk 00:01:00]} {[%emt 00:00:14]} Rb6 {[%clk 00:02:32]} {[%emt 00:00:05]} 42.
Rc3 {[%clk 00:01:00]} {[%emt 00:00:05]} Rc6 {[%clk 00:02:28]} {[%emt 00:00:09]}
43. Rxc6 {[%clk 00:01:00]} {[%emt 00:00:05]} bxc6 {[%clk 00:02:32]} {[%emt
00:00:01]} 44. Kc3 {[%clk 00:01:04]} f5 {[%clk 00:02:14]} {[%emt 00:00:23]} 45.
Kc4 {[%clk 00:01:07]} {[%emt 00:00:02]} c5 {[%clk 00:01:21]} {[%emt 00:00:58]}
46. Kxc5 {[%clk 00:00:54]} {[%emt 00:00:18]} Kxb3 {[%clk 00:01:25]} {[%emt
00:00:01]} 47. Kd5 {[%clk 00:00:58]} {[%emt 00:00:01]} Kc3 {[%clk 00:01:28]}
{[%emt 00:00:02]} 48. Ke5 {[%clk 00:01:02]} Kd3 {[%clk 00:01:31]} {[%emt
00:00:02]} 49. Kf6 {[%clk 00:01:06]} Ke3 {[%clk 00:01:26]} {[%emt 00:00:10]} 50.
Kg7 {[%clk 00:01:10]} {[%emt 00:00:01]} Kf3 {[%clk 00:01:30]} 51. Kxh7 {[%clk
00:01:13]} {[%emt 00:00:02]} Kxg3 {[%clk 00:01:23]} {[%emt 00:00:11]} 52. Kxg6
{[%clk 00:01:16]} {[%emt 00:00:03]} Kxf4 {[%emt 00:00:23]} 53. h5 Kg4 {[%clk
00:01:10]} 54. h6 {[%clk 00:01:24]} f4 {[%clk 00:01:13]} {[%emt 00:00:02]} 55.
h7 {[%clk 00:01:28]} {[%emt 00:00:01]} f3 {[%clk 00:01:17]} {[%emt 00:00:01]}
56. h8=Q {[%clk 00:01:31]} {[%emt 00:00:02]} f2 {[%clk 00:01:16]} {[%emt
00:00:06]} 57. Qh1 {[%clk 00:01:34]} {[%emt 00:00:01]} Kf4 {[%clk 00:01:14]}
{[%emt 00:00:05]} 58. Qf1 {[%clk 00:01:38]} {[%emt 00:00:04]} Kg3 {[%clk
00:01:12]} {[%emt 00:00:07]} 59. Kf5 {[%clk 00:01:40]} {[%emt 00:00:02]} Kf3
{[%clk 00:01:12]} {[%emt 00:00:06]} 60. Ke5 {[%clk 00:01:42]} {[%emt 00:00:02]}
Ke3 {[%emt 00:00:05]} 61. Kd5 {[%clk 00:01:42]} {[%emt 00:00:04]} Kf3 {[%clk
00:01:15]} {[%emt 00:00:04]} 62. Kd4 {[%clk 00:01:46]} {[%emt 00:00:02]} Kg3
{[%clk 00:01:13]} {[%emt 00:00:06]} 63. Ke3 {[%clk 00:01:48]} {[%emt 00:00:03]}
Kh2 {[%clk 00:01:10]} {[%emt 00:00:08]} 64. Qxf2+ {[%clk 00:01:49]} {[%emt
00:00:04]} Kh1 {[%clk 00:01:14]} 65. Qf3+ {[%clk 00:01:49]} {[%emt 00:00:05]}
Kh2 {[%clk 00:01:14]} {[%emt 00:00:05]} 66. Qg4 {[%emt 00:00:09]} 1-0

[Event "World Youth & Cadets Rapid Championships"]
[Site "Rhodes, Greece"]
[Date "2022.05.02"]
[Round "6.38"]
[White "Bendik, Margarita"]
[Black "Haapsal, Maria Ioanna"]
[Result "1-0"]
[TimeControl "10'/game & 5\"/move"]
[WhiteElo "1420"]
[BlackElo "1447"]

1. e4 {[%clk 00:10:09]} c5 {[%clk 00:10:08]} {[%emt 00:00:03]} 2. Nf3 {[%clk
00:10:13]} {[%emt 00:00:01]} e6 {[%clk 00:10:12]} {[%emt 00:00:01]} 3. d4
{[%clk 00:10:17]} cxd4 {[%clk 00:10:16]} {[%emt 00:00:01]} 4. Nxd4 {[%clk
00:10:21]} Nc6 {[%clk 00:10:21]} {[%emt 00:00:02]} 5. Nb5 {[%clk 00:10:25]}
{[%emt 00:00:01]} d6 {[%clk 00:10:24]} {[%emt 00:00:02]} 6. c4 {[%clk
00:10:28]} {[%emt 00:00:01]} a6 {[%clk 00:10:12]} {[%emt 00:00:17]} 7. N5c3
{[%clk 00:10:30]} {[%emt 00:00:03]} Nf6 {[%clk 00:10:11]} {[%emt 00:00:06]} 8.
Be2 {[%clk 00:10:31]} {[%emt 00:00:04]} Be7 {[%clk 00:10:04]} {[%emt 00:00:12]}
9. Be3 {[%clk 00:10:32]} {[%emt 00:00:04]} O-O {[%clk 00:09:09]} {[%emt
00:01:00]} 10. O-O {[%clk 00:10:34]} {[%emt 00:00:03]} Qc7 {[%clk 00:08:25]}
{[%emt 00:00:49]} 11. Nd2 {[%clk 00:09:27]} {[%emt 00:01:12]} Ne5 {[%clk
00:07:07]} {[%emt 00:01:23]} 12. f4 {[%clk 00:09:24]} {[%emt 00:00:08]} Ned7
{[%clk 00:07:00]} {[%emt 00:00:13]} 13. Bf3 {[%clk 00:09:22]} {[%emt 00:00:06]}
Nc5 {[%clk 00:05:57]} {[%emt 00:01:08]} 14. b4 {[%clk 00:08:47]} {[%emt
00:00:40]} Ncd7 {[%clk 00:05:52]} {[%emt 00:00:10]} 15. Qe2 {[%clk 00:08:18]}
{[%emt 00:00:34]} a5 {[%clk 00:05:02]} {[%emt 00:00:55]} 16. Nb5 {[%clk
00:07:50]} {[%emt 00:00:33]} Qb8 {[%clk 00:04:18]} {[%emt 00:00:50]} 17. Qf2
{[%clk 00:07:37]} {[%emt 00:00:17]} axb4 {[%clk 00:01:30]} {[%emt 00:02:53]} 18.
Ba7 {[%clk 00:07:38]} {[%emt 00:00:05]} Rxa7 {[%clk 00:01:34]} 19. Qxa7 {[%clk
00:07:22]} {[%emt 00:00:21]} Qxa7+ {[%clk 00:01:35]} {[%emt 00:00:04]} 20. Nxa7
{[%clk 00:07:26]} {[%emt 00:00:01]} b6 {[%clk 00:01:07]} {[%emt 00:00:32]} 21.
Nc6 {[%clk 00:07:20]} {[%emt 00:00:11]} Re8 {[%clk 00:00:35]} {[%emt 00:00:37]}
22. e5 {[%clk 00:06:57]} {[%emt 00:00:28]} dxe5 {[%clk 00:00:19]} {[%emt
00:00:21]} 23. fxe5 {[%clk 00:07:01]} {[%emt 00:00:01]} Nxe5 {[%clk 00:00:17]}
{[%emt 00:00:07]} 24. Nxe5 {[%clk 00:07:05]} {[%emt 00:00:02]} Bc5+ {[%clk
00:00:20]} {[%emt 00:00:01]} 25. Kh1 {[%clk 00:07:07]} {[%emt 00:00:03]} Bd4
{[%clk 00:00:24]} 26. Rae1 {[%clk 00:07:00]} {[%emt 00:00:12]} Bc3 {[%clk
00:00:24]} {[%emt 00:00:06]} 27. Re2 {[%clk 00:06:57]} {[%emt 00:00:08]} Rd8
{[%clk 00:00:27]} {[%emt 00:00:01]} 28. Ne4 {[%clk 00:06:45]} {[%emt 00:00:17]}
Bxe5 {[%clk 00:00:29]} {[%emt 00:00:03]} 29. g3 {[%clk 00:06:00]} {[%emt
00:00:51]} Bc7 {[%clk 00:00:15]} {[%emt 00:00:17]} 30. Nxf6+ {[%clk 00:05:57]}
{[%emt 00:00:09]} gxf6 {[%clk 00:00:19]} {[%emt 00:00:01]} 31. Ree1 {[%clk
00:05:30]} {[%emt 00:00:33]} Ba6 {[%clk 00:00:20]} {[%emt 00:00:03]} 32. Rc1
{[%clk 00:05:08]} {[%emt 00:00:27]} f5 {[%clk 00:00:24]} 33. Rfd1 {[%clk
00:05:04]} {[%emt 00:00:09]} Bd6 {[%clk 00:00:26]} {[%emt 00:00:04]} 34. Kg2
{[%clk 00:04:56]} {[%emt 00:00:12]} Kf8 {[%clk 00:00:31]} 35. Rd4 {[%clk
00:04:52]} {[%emt 00:00:09]} Ke7 {[%clk 00:00:27]} {[%emt 00:00:09]} 36. Bc6
{[%clk 00:04:35]} {[%emt 00:00:23]} Rc8 {[%clk 00:00:26]} {[%emt 00:00:06]} 37.
Bf3 {[%clk 00:04:28]} {[%emt 00:00:12]} Rd8 {[%clk 00:00:26]} {[%emt 00:00:05]}
38. Re1 {[%clk 00:03:59]} {[%emt 00:00:33]} Rc8 {[%clk 00:00:19]} {[%emt
00:00:11]} 39. Red1 {[%clk 00:03:59]} {[%emt 00:00:06]} Rd8 {[%clk 00:00:20]}
{[%emt 00:00:04]} 40. Rh4 {[%emt 00:00:23]} Rh8 {[%clk 00:00:21]} 41. Bc6
{[%clk 00:03:30]} {[%emt 00:00:19]} h6 {[%clk 00:00:18]} {[%emt 00:00:08]} 42.
Bb5 {[%clk 00:03:32]} {[%emt 00:00:03]} Bb7+ {[%clk 00:00:22]} {[%emt
00:00:01]} 43. Kf1 {[%clk 00:03:35]} {[%emt 00:00:02]} Bc5 {[%clk 00:00:18]}
{[%emt 00:00:09]} 44. Rd7+ {[%clk 00:03:38]} {[%emt 00:00:03]} Kf6 {[%clk
00:00:17]} {[%emt 00:00:05]} 45. Rxb7 {[%clk 00:03:37]} {[%emt 00:00:06]} h5
{[%clk 00:00:13]} {[%emt 00:00:09]} 46. Rd7 {[%clk 00:03:35]} {[%emt 00:00:08]}
Ra8 {[%clk 00:00:16]} {[%emt 00:00:02]} 47. Rd2 {[%clk 00:03:37]} {[%emt
00:00:03]} Rh8 {[%clk 00:00:17]} {[%emt 00:00:03]} 48. Kg2 {[%clk 00:03:30]}
{[%emt 00:00:12]} Kg6 {[%clk 00:00:21]} {[%emt 00:00:02]} 49. Rf4 {[%clk
00:03:26]} {[%emt 00:00:08]} e5 {[%clk 00:00:25]} {[%emt 00:00:02]} 50. Rf1
{[%clk 00:03:30]} f6 {[%clk 00:00:19]} {[%emt 00:00:11]} 51. Rd3 {[%clk
00:03:27]} {[%emt 00:00:07]} e4 {[%clk 00:00:22]} {[%emt 00:00:02]} 52. Rd5
{[%clk 00:03:31]} Ra8 {[%clk 00:00:22]} {[%emt 00:00:05]} 53. Rdxf5 {[%clk
00:03:20]} {[%emt 00:00:16]} Rxa2+ {[%clk 00:00:26]} {[%emt 00:00:02]} 54. Kh3
{[%clk 00:03:24]} Bd4 {[%clk 00:00:21]} {[%emt 00:00:10]} 55. Be8+ {[%clk
00:03:13]} {[%emt 00:00:16]} Kh6 {[%clk 00:00:22]} {[%emt 00:00:03]} 56. Rd5
{[%clk 00:03:17]} {[%emt 00:00:02]} Be5 {[%clk 00:00:19]} {[%emt 00:00:09]} 57.
Rb5 {[%clk 00:03:18]} {[%emt 00:00:04]} h4 {[%clk 00:00:16]} {[%emt 00:00:07]}
58. Rxb4 {[%clk 00:02:55]} {[%emt 00:00:28]} hxg3 {[%clk 00:00:14]} {[%emt
00:00:08]} 59. hxg3 {[%clk 00:02:59]} Ra3 {[%clk 00:00:18]} {[%emt 00:00:02]}
60. Rg1 {[%clk 00:02:55]} {[%emt 00:00:08]} Kg5 {[%clk 00:00:21]} {[%emt
00:00:02]} 61. Rxb6 {[%clk 00:02:50]} {[%emt 00:00:11]} Bd4 {[%clk 00:00:25]}
62. Rgb1 {[%clk 00:02:37]} {[%emt 00:00:17]} Bxb6 {[%clk 00:00:28]} {[%emt
00:00:02]} 63. Rxb6 {[%clk 00:02:42]} e3 {[%clk 00:00:28]} {[%emt 00:00:06]} 64.
Re6 {[%clk 00:02:36]} {[%emt 00:00:10]} Rc3 {[%clk 00:00:31]} {[%emt 00:00:02]}
65. Bb5 {[%clk 00:02:28]} {[%emt 00:00:12]} Kf5 {[%clk 00:00:33]} {[%emt
00:00:04]} 66. Re8 {[%clk 00:02:32]} {[%emt 00:00:02]} Kg5 {[%clk 00:00:29]}
{[%emt 00:00:09]} 67. Kg2 {[%clk 00:02:27]} {[%emt 00:00:10]} Kg4 {[%clk
00:00:29]} {[%emt 00:00:04]} 68. Re4+ {[%clk 00:02:30]} {[%emt 00:00:03]} Kf5
{[%clk 00:00:31]} {[%emt 00:00:02]} 69. Rf4+ {[%clk 00:02:32]} {[%emt
00:00:04]} Ke5 {[%clk 00:00:15]} {[%emt 00:00:21]} 70. Kf3 {[%clk 00:02:16]}
{[%emt 00:00:21]} Ke6 {[%clk 00:00:10]} {[%emt 00:00:10]} 71. Re4+ {[%clk
00:02:19]} {[%emt 00:00:01]} Kd6 {[%clk 00:00:13]} {[%emt 00:00:03]} 72. Rxe3
{[%clk 00:02:23]} {[%emt 00:00:01]} Rc1 {[%clk 00:00:16]} {[%emt 00:00:01]} 73.
g4 {[%clk 00:02:17]} {[%emt 00:00:11]} Rf1+ {[%clk 00:00:17]} {[%emt 00:00:05]}
74. Ke4 {[%clk 00:02:21]} {[%emt 00:00:01]} Rg1 {[%clk 00:00:21]} 75. Kf4
{[%clk 00:02:21]} {[%emt 00:00:04]} Rf1+ {[%clk 00:00:25]} {[%emt 00:00:01]} 76.
Rf3 {[%clk 00:02:24]} {[%emt 00:00:03]} Rg1 {[%clk 00:00:25]} {[%emt 00:00:03]}
77. Kf5 {[%emt 00:00:05]} Ke7 78. Re3+ {[%clk 00:02:25]} {[%emt 00:00:05]} Kf7
{[%clk 00:00:34]} 79. Be8+ {[%clk 00:02:29]} Kg7 {[%clk 00:00:38]} {[%emt
00:00:01]} 80. Re4 {[%clk 00:02:26]} {[%emt 00:00:08]} Rf1+ {[%clk 00:00:41]}
{[%emt 00:00:01]} 81. Ke6 {[%clk 00:02:29]} {[%emt 00:00:02]} Ra1 {[%clk
00:00:36]} {[%emt 00:00:11]} 82. c5 {[%clk 00:02:29]} {[%emt 00:00:05]} Ra6+
{[%clk 00:00:37]} {[%emt 00:00:04]} 83. c6 {[%clk 00:02:33]} Rb6 {[%clk
00:00:40]} 84. Kd7 {[%clk 00:02:25]} {[%emt 00:00:14]} Rb1 {[%clk 00:00:37]}
{[%emt 00:00:08]} 85. Re6 {[%clk 00:02:20]} {[%emt 00:00:11]} Rd1+ {[%clk
00:00:38]} {[%emt 00:00:04]} 86. Rd6 {[%clk 00:02:24]} Rg1 {[%clk 00:00:42]}
{[%emt 00:00:01]} 87. c7 {[%clk 00:02:26]} {[%emt 00:00:02]} Rc1 {[%clk
00:00:36]} {[%emt 00:00:10]} 88. Kd8 {[%clk 00:02:18]} {[%emt 00:00:15]} Rc2
{[%clk 00:00:19]} {[%emt 00:00:22]} 89. Bc6 {[%clk 00:02:15]} {[%emt 00:00:07]}
Rh2 {[%clk 00:00:19]} {[%emt 00:00:05]} 90. c8=Q {[%emt 00:00:05]} Rh8+ {[%clk
00:00:21]} {[%emt 00:00:02]} 91. Be8 {[%clk 00:02:20]} {[%emt 00:00:01]} f5
{[%clk 00:00:20]} {[%emt 00:00:07]} 92. Rg6+ {[%clk 00:02:18]} {[%emt
00:00:06]} Kf8 {[%clk 00:00:20]} {[%emt 00:00:05]} 93. Qc5 {[%clk 00:02:20]}
{[%emt 00:00:04]} 1-0